Vrai ou faux ? Version Berserk - Statistiques

Statistiques générales
  • Ce quiz a été pris 57 fois
  • Le résultat moyen est 15 sur 20
Statistiques - réponses
Question Réponse % Correct
L'éclipse provoquée par Griffith est la 1ère éclipse du monde de Berserk faux
93%
Guts a perdu son bras lors de l'éclipse vrai
93%
Le surnom de Zodd est "Zodd l'immortel" vrai
93%
Puck vient de Elfhelm vrai
87%
Gambino est le père adoptif de Guts vrai
87%
Griffith a déjà vendu son corps vrai
84%
Judo est le seul membre de la troupe du faucon à échapper à l'éclipse faux
82%
Slan est la seule God Hand a s'être matérialisé (hors Griffith) en dehors de l'élipse avant la superposition total des 2 mondes vrai
82%
Le Skullknight est un apôtre faux
80%
Pippin a survécu à l'éclipse faux
78%
Casca a été recueilli par des prostitués vrai
78%
Le Skullknight forge son épée en avalant des béhérit vrai
76%
On connait le prénom du roi du Midland faux
67%
Ganishka est l'empereur des Tudor faux
64%
Godot a forgé l'armure du berserker faux
62%
L'armure du berserker permet à son hôte d'ignorer la douleur à 100% vrai
62%
Voïd est le seul membre permanent des Gods Hands vrai
60%
Guts est né d'une mère empalée faux
56%
Locus manie un arc faux
49%
Le Skullknight a coupé la corne de Zodd faux
42%
Aucun quiz correspondant
Distribution des résultats
% des personnes avec chaque résultat
Percentile par nombre de réponses
Votre historique - résultats
Vous n’avez pas pris ce quiz